Statistics for Mobile Legends Qoutes

Click here to take the quiz!

General Stats

  • This quiz has been taken 88 times
  • The average score is 15 of 25

Answer Stats

QoutesHero% Correct
"Sometimes I think about girls"Alpha
85%
"Hehehe... Remember to tell my little brother... It's dinner time!"Lesley
80%
"Don't be lazy Leo, run!"Irithel
79%
"Take a guess, at how many swords I have?"Gusion
77%
"Why am I crying? Oh! Because of onion."Akai
75%
"I can hit you and let you die in a mile away."Miya
70%
"There's a crazy rumor that my partner is beautiful girl."Claude
69%
"Hahaha! Your whole body is a weak spot"Zilong
69%
"A brave man never hides in a brush."Tigreal
66%
"I am the top student of the academy after all."Guinevere
66%
"I can do all the chores! Ugh... except cooking..."Angela
66%
"Your death is music to my ears."Granger
62%
"Let me hear your applause"Lancelot
61%
"I'm the best at being handsome!"Harley
59%
"Universal gravitation determines planetary interaction!"Cyclops
59%
"Soon, you will all know the full force of the arcane!"Valir
59%
"I am a man with sad stories."Saber
56%
"Words are meaningless, now talk with your fists!"Aldous
52%
"Em... do... all men only like cute girls?"Hanabi
51%
"No secret is safe from me."Esmeralda
49%
"What does my poison taste like?"Helcurt
44%
"Thank me, my lowly opponent."Harith
43%
"I never go to the gym."Hilda
41%
"Don't be in a rush to die, kid"Bane
34%
"I truly hope to cross-blade with you again."Minotaur
23%

Score Distribution

Percentile by Number Answered

Percent of People with Each Score

Your Score History

You have not taken this quiz